| 000 | 00774nam a2200205 a 4500 | ||
|---|---|---|---|
| 001 | 000017154 | ||
| 005 | 20240307073946.0 | ||
| 008 | 100319s1985 dr a 000 0 spa d | ||
| 040 |
_aDO-SdBNP _bspa _cBNPHU |
||
| 082 |
_a519.3 _bR893m |
||
| 100 | 1 |
_aRozas Aristy, Eduardo _937777 |
|
| 245 | 1 | 0 |
_aMétodo de optimizaciones sucesivas : _bcuadernos de teoría de la arquitectura / _cEduardo Rozas Aristy. |
| 260 |
_aSanto Domingo : _bUASD, _c1985. |
||
| 300 |
_a70 p. : _bil. ; _c27 cm. |
||
| 490 | 1 |
_aPublicaciones de la Universidad Autónoma de Santo Domingo _v454 |
|
| 650 | 4 |
_aOptimización matemática _925812 |
|
| 710 | 1 |
_aUniversidad Autónoma de Santo Domingo _972951 |
|
| 830 | 0 |
_aPublicaciones de la Universidad Autónoma de Santo Domingo _n454 _937778 |
|
| 049 | _aBNPD | ||
| 999 |
_c16680 _d16680 |
||